01110 2200397 4500001002100000005001500021035002500036020002200061040001700083082001700100084001900117090002300136090002200159100002900181245006300210250003500273260004100308300002900349650002000378700003000398850001200428007000300440008004100443999002200484990001800506990001800524990001800542990002200560990001800582990001800600990001800618990001800636990002200654990001800676990001800694INLIS00000000000458620221222083614 a0010-041500000001652 a978-602-7888-91-3 aYOPDYOGbind04223a899.2213 a899.2213 RIA d bDEP 899.2213 RIA d aCB-D.11 2013-10810 aRiawani ElytaePengarang10aDear bodyguard /cRiawani Elyta; penyunting, Pratiwi Utami aCetakan pertama, November 20133 aYogyakarta :bBentang Pustaka,c2013 avi, 342 halaman ;c21 cm 4aFiksi Indonesia0 aPratiwi UtamiePenyunting aYOPDYOGta150427s2013 yoi g 0 f ind d aCB-D.11/2013-1081 a12021-PD/B.15 a12022-PD/B.15 a12023-PD/B.15 aCB-D.11/2013-1081 a12021-PD/B.15 a12022-PD/B.15 a12023-PD/B.15 a12023-PD/B.15 aCB-D.11/2013-1081 a12021-PD/B.15 a12022-PD/B.15